Teaching diversity : (Record no. 33767)

MARC details
000 -LEADER
fixed length control field 01238cam a22003254a 4500
001 - CONTROL NUMBER
control field 13127754
003 - CONTROL NUMBER IDENTIFIER
control field OSt
005 - DATE AND TIME OF LATEST TRANSACTION
control field 20220329094431.0
008 - FIXED-LENGTH DATA ELEMENTS--GENERAL INFORMATION
fixed length control field 030318s2003 wiu b 001 0 eng
010 ## - LIBRARY OF CONGRESS CONTROL NUMBER
LC control number 2003006498
020 ## - INTERNATIONAL STANDARD BOOK NUMBER
International Standard Book Number 1891859455 (pbk.)
040 ## - CATALOGING SOURCE
Original cataloging agency DLC
Transcribing agency HU
Modifying agency DLC
042 ## - AUTHENTICATION CODE
Authentication code pcc
043 ## - GEOGRAPHIC AREA CODE
Geographic area code n-us---
050 00 - LIBRARY OF CONGRESS CALL NUMBER
Classification number LC1099.3
Item number .T4215 2003
082 00 - DEWEY DECIMAL CLASSIFICATION NUMBER
Classification number 370.117 TEA 2003
Edition number 21
100 ## - MAIN ENTRY--PERSONAL NAME
Personal name -
245 00 - TITLE STATEMENT
Title Teaching diversity :
Remainder of title challenges and complexities, identities, and integrity / edited by William M. Timpson ... [et al.].
260 ## - PUBLICATION, DISTRIBUTION, ETC.
Place of publication, distribution, etc. Madison, WI :
Name of publisher, distributor, etc. Atwood Pub.,
Date of publication, distribution, etc. c2003.
300 ## - PHYSICAL DESCRIPTION
Extent 304 p. ;
Dimensions 23 cm.
504 ## - BIBLIOGRAPHY, ETC. NOTE
Bibliography, etc. note Includes bibliographical references and index.
650 #0 - SUBJECT ADDED ENTRY--TOPICAL TERM
Topical term or geographic name entry element Multicultural education
Geographic subdivision United States
Form subdivision Case studies.
9 (RLIN) 34353
650 #0 - SUBJECT ADDED ENTRY--TOPICAL TERM
Topical term or geographic name entry element Education, Higher
Geographic subdivision United States
Form subdivision Case studies.
9 (RLIN) 34354
650 #0 - SUBJECT ADDED ENTRY--TOPICAL TERM
Topical term or geographic name entry element College teaching
Geographic subdivision United States
Form subdivision Case studies.
9 (RLIN) 34355
700 1# - ADDED ENTRY--PERSONAL NAME
Personal name Timpson, William M.
9 (RLIN) 22727
856 41 - ELECTRONIC LOCATION AND ACCESS
Materials specified Table of contents
Uniform Resource Identifier <a href="http://www.loc.gov/catdir/toc/ecip041/2003006498.html">http://www.loc.gov/catdir/toc/ecip041/2003006498.html</a>
906 ## - LOCAL DATA ELEMENT F, LDF (RLIN)
a 7
b cbc
c orignew
d 1
e ecip
f 20
g y-gencatlg
942 ## - ADDED ENTRY ELEMENTS (KOHA)
Source of classification or shelving scheme Dewey Decimal Classification
Koha item type Books like text book referance book
Suppress in OPAC No
Holdings
Withdrawn status Lost status Source of classification or shelving scheme Damaged status Not for loan Collection code Home library Current library Shelving location Date acquired Total Checkouts Full call number Barcode Date last seen Copy number Price effective from Koha item type
    Dewey Decimal Classification     Reference Wondo Genet Library Wondo Genet Library General Stacks 03/29/2022   370.117 TEA 2003 WGCFNRL00015174 03/29/2022 1 03/29/2022 Books like text book referance book